Deepfreeze

Saved in:
Bibliographic Details
Main Author: Locke, Robert Donald
Format: Electronic eBook
Language:English
Published: Project Gutenberg, 2010
Series:Project Gutenberg 32531
Online Access:http://www.gutenberg.org/etext/32531
Rights
Tags: Add Tag
No Tags, Be the first to tag this record!
Call Number :

MARC

LEADER 00000cam a22000003a 4500
001 66540
003 MY-KLNDU
005 20241219025910.0
008 210402s2010||||xxu|||||s|||||000 | eng d
035 |a (PGUSA)32531 
039 9 |y 202104021613  |z VLOAD 
040 |a PGUSA  |b eng 
042 |a dc 
100 1 |a Locke, Robert Donald 
245 1 0 |a Deepfreeze  |h [electronic resource] /  |c by Robert Donald Locke 
260 |b Project Gutenberg,  |c 2010 
500 |a Project Gutenberg 
506 |a Freely available. 
516 |a Electronic text 
599 |a Dummy Record 
830 0 |a Project Gutenberg  |v 32531 
856 4 0 |u http://www.gutenberg.org/etext/32531 
856 4 2 |u http://www.gutenberg.org/license  |3 Rights 
999 |a vtls000079036  |c 66540  |d 66540